000
00471nam a2200181Ia 4500
008
090123s9999 xx 000 0 und d
082
_b
7873
_a
923.254/कवि
100
_a
कवी घ.वा.
245
_a
नासेर
250
_a
1
260
_b
परिमल प्रकाशन
300
_a
110
600
_a
कवी घ.वा.
630
_a
नासेर
700
_a
कवी घ.वा.
730
_a
नासेर
942
_c
BOOK
999
_c
45939
_d
45939